Družstevné budovanie hospodárska a svojpomocná práca slovenského ľudu

Salvato in:
Dettagli Bibliografici
Natura: Libro
Lingua:slovacco
Pubblicazione: Bratislava Družstevné nakladateľstvo 1942
Tags: Aggiungi Tag
Nessun Tag, puoi essere il primo ad aggiungerne!!

MARC

LEADER 00000nam a2200000 4500
001 0269115
005 20240822101714.6
041 0 |a slo 
044 |a -CS 
245 1 0 |a Družstevné budovanie  |b hospodárska a svojpomocná práca slovenského ľudu  |c Fedor Houdek 
264 1 |a Bratislava  |b Družstevné nakladateľstvo  |c 1942